Sociología política colombiana : (ensayo crítico) /

Bibliographic Details
Main Author: Sánchez Gómez, Gregorio
Format: Book
Language:Spanish
Published: [Calif. Colombia] : [Sánchez Gómez hnos.], [1943]
Subjects:

MARC

Tag First Indicator Second Indicator Subfields
LEADER 00000cam a2200000 4500
001 in00000017433
005 20151007053546.0
008 750307s1943 ck c 00010 spa u
010 |a  43017599  
035 |a (OCoLC)01205139 
035 |9 AAB2067AM 
040 |c UCW  |d TXA  |d UtOrBLW 
049 |a TXAM  |c [A11100755] 
050 0 |a JL2811  |b .S33 
082 0 |a 342.86 
100 1 |a Sánchez Gómez, Gregorio. 
245 1 0 |a Sociología política colombiana :  |b (ensayo crítico) /  |c Gregorio Sánchez Gómez. 
264 1 |a [Calif. Colombia] :  |b [Sánchez Gómez hnos.],  |c [1943] 
300 |a ix, 114 pages :  |b portrait ;  |c 22 cm. 
336 |a text  |b txt  |2 rdacontent 
337 |a unmediated  |b n  |2 rdamedia 
338 |a volume  |b nc  |2 rdacarrier 
651 0 |a Colombia  |x Politics and government. 
999 |a MARS 
999 f f |s bf87bccd-c9ad-37e7-9629-50c120a15bd3  |i 91a58bed-fd0c-3af7-af3c-b080792ac203  |t 0 
952 f f |p ric  |a Texas A&M University  |b Rellis Campus  |c Joint Library Facility  |d Remote Storage  |t 0  |e JL2811 .S33  |h Library of Congress classification  |i unmediated -- volume  |m A14811100755 
998 f f |a JL2811 .S33  |t 0  |l Remote Storage